Datum a čas kvízu
18.5
Celkem bodů
Celkový počet nahraných bodů na tomto kvízu bez doplňovacích otázek.
4.
Pořadí na kvízu
Konečné umístění týmu na tomto kvízu.
Zaznamenané odpovědi
| # | Otázka | Odpověď | Body | Výsledky |
|---|---|---|---|---|
| 1. | Jak se jmenuje politik, který... | Marian Jurečka | 0 | |
| 2. | Saúdskoarabský korunní princ M... | Jeff Bezos | 0 | |
| 3. | Nejvíce nominací na hudební Ce... | Vladimír Mišík | 0 | |
| 4. | Aféra s předraženou zakázkou n... | hackathon | 0 | |
| 5. | Jak se jmenuje český krasobrus... | Michal Březina | 0 | |
| 6. | Jelikož se o ostrovech zmiňuje... | D | 0 | |
| 7. | Jak se nazývá ostrov, na němž... | Borneo | 0 | |
| 8. | Za jistou formu "ostrova" se d... | B C | 0.5 | |
| 9. | Ostrovid je druhové jméno jist... | rys | 1 | |
| 10. | Jak se jmenoval německý patolo... | Paul Langerhans | 1 |